000 01183naa a22003017a 4500
001 BR7806667
003 BR-BrBNA
005 20240918174243.0
007 ta
008 230509b bl.||||| |||| 00| 0 por d
040 _aBR-BrBNA
_bpor
_cBiblioteca Nacional de Agricultura
041 _a(Pt)
072 _aF28
090 _aF28 BR7806667
100 1 _aDenardin, J.E.
100 1 _aWunsche, W.A.
111 1 _a2. Encontro Nacional de Pesquisa sobre Conservacao do Solo
_cPasso Fundo, RS (Brazil)
_d24 Apr 1978
245 1 _aCalibracao de tres simuladores de chuva acoplados para o estudo do efeito do comprimento de rampa nas perdas por erosao [erosao hidrica]
260 3 _aPasso Fundo, RS (Brasil):
_c1978.
500 _aAnais do 2. Encontro Nacional de Pesquisa sobre Conservacao do Solo Passo Fundo, RS (Brasil): 1978. p. 41-49 (BR7806667-AM)F28
650 _aSOLO
650 _aEROSAO DO SOLO
650 _aEROSAO HIDRICA
650 _aSIMULADOR DE CHUVA
773 0 _tAnais do 2. Encontro Nacional de Pesquisa sobre Conservacao do Solo
_wF28 BR7806667
_gPasso Fundo, RS (Brasil), 1978. p. 41-49
909 _a202404
_bLucia
_c55
_dLucia Elande
942 _cAM
_2AGRIS
999 _c309896
_d309896